000 00911nam a22002417a 4500
001 6094
003 FISKH
005 20250311142025.0
008 250311b cb ||||| |||| 00| 0 eng d
040 _aFISKH
_bKhmer
_cFISKH
_dFISKH
050 _aPZ7
082 _a400
100 _aThaily , Ly
245 _aវចនានុក្រម សុភាសិតខ្មែរអធិប្បាយ :
_bភាគ ២៖ ពី "ន" ដល់ "អ" /
_cដោយ លី ថៃលី
250 _aFirst published in 2011.
260 _aSihanouk Ville :
_c2011 .
_bMP Publishing House ;
300 _a630 pages :
_bcolor illustrations ;
_c20 cm .
520 _aN/A
650 _aវចនានុក្រម​ សុភាសិតខ្មែរ អធិប្បាយ
_v សុភាសិត
650 _aKhmer proverb dictionary with commentary
_vProverb
942 _2ddc
_cBK
_n0
999 _c6094
_d6094